000 00515 a2200169 4500
999 _c3057
_d3057
020 _a9780749463939
050 _aHD38.5 WAT 2011
100 _aWaters, Donald
_eauthor
245 0 0 _aSupply Chain Risk Management :
_bvulnerability and resilience in logistics /
_cDonald Waters
250 _a2nd ed.
264 _aNew York :
_bKogan Page,
_c2011
300 _avii, 256p. :
_bill. ;
500 _aIncludes index
650 0 _aBusiness logistics.
650 0 _aRisk management
942 _2lcc
_cBK
_e2nd ed.
_h38.5
_iWAT
_kHD